| 000 | 00418nam a2200169Ia 4500 | ||
|---|---|---|---|
| 008 | 221030s9999 xx 000 0 und d | ||
| 020 | _a0706999266 | ||
| 041 | _aEnglish | ||
| 082 |
_a105.23 _bSin |
||
| 100 | _aS. Singh | ||
| 245 | 0 |
_aModern Algebra _cby S. Singh, Q. Zameerudin |
|
| 260 |
_bVikas Pub House _aNew Delhi _c1999 |
||
| 300 | _a511 | ||
| 650 | _aBE Mathematics | ||
| 700 | _aQ. Zameerudin | ||
| 942 | _cBK | ||
| 999 |
_c2632 _d2632 |
||